[Event "85th Tata Steel Challengers 2023"]
[Site "Wijk aan Zee"]
[Date "2023.01.27"]
[Round "11.1"]
[White "Donchenko, Alexander"]
[Black "Tabatabaei, M. Amin"]
[Result "1-0"]
[WhiteElo "2627"]
[BlackElo "2686"]
[Annotator "TA"]
[PlyCount "79"]
[EventDate "2023.01.10"]
[EventType "tourn"]
[EventCountry "NED"]
[SourceTitle "playchess.com"]
[Source "ChessBase"]
[SourceQuality "1"]

1. Nf3 Nf6 2. c4 e6 3. Nc3 d5 4. e3 Bd6 5. b3 O-O 6. Bb2 Re8 7. Nb5 Be7 8. Be5 Na6 9. Be2 c6 10. Nc3 Nc5 11. Qc2 Ncd7 12. Bg3 dxc4 13. bxc4 b6 14. h3 Bb4 15. Bh2 Bb7 16. O-O Qe7 17. d4 Rac8 18. Rfd1 Bxc3 19. Qxc3 c5 20. a4 Ne4 21. Qb3 cxd4 22. exd4 Nd6 23. Rac1 Nf5 24. a5 Red8 25. Qb1 h6 26. c5 Bxf3 27. Bxf3 bxc5 28. Bb7 Rb8 29. Bxb8 Rxb8 30. dxc5 Nxc5 31. Qb5 Nxb7 32. a6 e5 33. Rb1 Nd4 34. Qb4 Qc7 35. axb7 Qc2 36. Qb2 Qg6 37. Rdc1 Nf3+ 38. Kh1 Nh4 39. Rc8+ Kh7 40. Rg1 1-0

[Event "84th Tata Steel Challengers 2022"]
[Site "Wijk aan Zee"]
[Date "2022.01.28"]
[Round "11.1"]
[White "L'Ami, Erwin"]
[Black "Erigaisi Arjun"]
[Result "1/2-1/2"]
[WhiteElo "2622"]
[BlackElo "2629"]
[Annotator "TA"]
[PlyCount "46"]
[EventDate "2022.01.15"]
[EventType "tourn"]
[EventCountry "NED"]
[SourceTitle "playchess.com"]
[Source "ChessBase"]
[SourceQuality "1"]

1. d4 Nf6 2. c4 e6 3. Nf3 d5 4. g3 dxc4 5. Bg2 Bb4+ 6. Bd2 c5 7. Bxb4 cxb4 8. Ne5 O-O 9. a3 Nd5 10. O-O bxa3 11. Nxa3 c3 12. b3 Nc6 13. Nxc6 bxc6 14. Qd3 a5 15. Rfc1 Ba6 16. Qd1 Ra7 17. e3 Rd7 18. Nc4 Bxc4 19. bxc4 Nb4 20. Qa4 e5 21. Bxc6 Nxc6 22. Qxc6 exd4 23. exd4 Rc7 1/2-1/2

[Event "82nd Tata Steel Challengers 2020"]
[Site "Wijk aan Zee"]
[Date "2020.01.24"]
[Round "11.1"]
[White "Keymer, Vincent"]
[Black "Mamedov, Rauf"]
[Result "1/2-1/2"]
[WhiteElo "2527"]
[BlackElo "2659"]
[Annotator "TA"]
[PlyCount "79"]
[EventDate "2020.01.11"]
[EventType "tourn"]
[EventCountry "NED"]
[SourceTitle "playchess.com"]
[Source "ChessBase"]
[SourceQuality "1"]

1. Nf3 g6 2. e4 c5 3. c4 Nc6 4. d4 cxd4 5. Nxd4 Nf6 6. Nc3 d6 7. Be2 Nxd4 8. Qxd4 Bg7 9. Be3 O-O 10. Qd3 a5 11. O-O a4 12. Bd4 Be6 13. f4 Qa5 14. Rab1 Bd7 15. b4 axb3 16. axb3 Bc6 17. b4 Qa3 18. e5 dxe5 19. fxe5 Ne4 20. Nxe4 Qxd3 21. Bxd3 Rad8 22. Nd6 exd6 23. Bb6 Bxe5 24. Bxd8 Rxd8 25. Rfe1 Re8 26. Kh1 b6 27. Rbc1 Kg7 28. Be4 Bxe4 29. Rxe4 Ra8 30. c5 Bb2 31. Rf1 dxc5 32. bxc5 bxc5 33. Re7 Rf8 34. Rc7 Bd4 35. g4 g5 36. Re1 Kg6 37. Rc6+ Kg7 38. Rc7 Ra8 39. Rf1 Rf8 40. Re1 1/2-1/2

[Event "85th Tata Steel Masters 2023"]
[Site "Wijk aan Zee"]
[Date "2023.01.27"]
[Round "11.2"]
[White "Carlsen, Magnus"]
[Black "So, Wesley"]
[Result "1/2-1/2"]
[WhiteElo "2859"]
[BlackElo "2760"]
[Annotator "TA"]
[PlyCount "116"]
[EventDate "2023.01.10"]
[EventType "tourn"]
[EventCountry "NED"]
[SourceTitle "playchess.com"]
[Source "ChessBase"]
[SourceQuality "1"]

1. d4 Nf6 2. c4 e6 3. Nc3 Bb4 4. e3 c5 5. Nge2 d5 6. a3 Bxc3+ 7. Nxc3 cxd4 8. exd4 dxc4 9. Bxc4 Nc6 10. Be3 O-O 11. O-O b6 12. d5 exd5 13. Nxd5 Be6 14. Nxf6+ Qxf6 15. Bxe6 Qxe6 16. Rc1 Rac8 17. Qa4 Na5 18. Qf4 Rxc1 19. Rxc1 Rc8 20. Rxc8+ Qxc8 21. h3 Nc6 22. a4 Qd7 23. Kh2 Qe7 24. Qf3 Qe8 25. b3 h6 26. Qd5 Qe6 27. Qxe6 fxe6 28. Kg3 Kf7 29. Kf4 e5+ 30. Kf5 h5 31. Bd2 g6+ 32. Ke4 Ke6 33. Bc3 a6 34. f3 b5 35. g3 b4 36. Be1 Nd4 37. Bxb4 Nxb3 38. a5 Nd4 39. Bc3 Nb3 40. Bb4 Nd4 41. g4 Ne2 42. Bd2 Ng1 43. h4 Ne2 44. Be1 Nc1 45. gxh5 gxh5 46. Bc3 Nb3 47. f4 Nc5+ 48. Ke3 Nd7 49. fxe5 Nxe5 50. Kf4 Ng6+ 51. Kg5 Nxh4 52. Kxh4 Kd5 53. Kxh5 Kc4 54. Bg7 Kb4 55. Bf6 Kxa5 56. Bd8+ Kb5 57. Kh6 a5 58. Bxa5 Kxa5 1/2-1/2

[Event "82nd Tata Steel Masters 2020"]
[Site "Wijk aan Zee"]
[Date "2020.01.24"]
[Round "11.2"]
[White "Giri, Anish"]
[Black "Yu, Yangyi"]
[Result "1/2-1/2"]
[WhiteElo "2768"]
[BlackElo "2726"]
[Annotator "TA"]
[PlyCount "85"]
[EventDate "2020.01.11"]
[EventType "tourn"]
[EventCountry "NED"]
[SourceTitle "playchess.com"]
[Source "ChessBase"]
[SourceQuality "1"]

1. e4 e5 2. Nf3 Nf6 3. Nxe5 d6 4. Nf3 Nxe4 5. d4 d5 6. Bd3 Nc6 7. O-O Be7 8. Nbd2 Nxd2 9. Bxd2 Bg4 10. c3 O-O 11. h3 Bh5 12. g3 Qd7 13. Kg2 Bg6 14. Bf4 Bxd3 15. Qxd3 a6 16. Rae1 Rae8 17. Re2 Bd8 18. Rfe1 Rxe2 19. Rxe2 f6 20. h4 Re8 21. Rxe8+ Qxe8 22. Qf5 Ne7 23. Qe6+ Kf8 24. Nd2 Qc6 25. Qg4 g6 26. Nb3 b6 27. Nc1 Kf7 28. h5 Qe6 29. Qxe6+ Kxe6 30. g4 f5 31. f3 fxg4 32. fxg4 Nc6 33. Nd3 g5 34. Bg3 Kd7 35. Kf3 Bf6 36. Ke3 Be7 37. b3 Bf6 38. Bh2 Bg7 39. b4 Bf8 40. a4 Be7 41. Bg3 b5 42. a5 Nd8 43. Ne5+ 1/2-1/2

[Event "84th Tata Steel Masters 2022"]
[Site "Wijk aan Zee"]
[Date "2022.01.28"]
[Round "11.2"]
[White "Van Foreest, Jorden"]
[Black "Giri, Anish"]
[Result "1-0"]
[WhiteElo "2702"]
[BlackElo "2772"]
[Annotator "TA"]
[PlyCount "83"]
[EventDate "2022.01.15"]
[EventType "tourn"]
[EventCountry "NED"]
[SourceTitle "playchess.com"]
[Source "ChessBase"]
[SourceQuality "1"]

1. d4 Nf6 2. c4 e6 3. Nc3 Bb4 4. a3 Bxc3+ 5. bxc3 b6 6. f3 Nc6 7. e4 Na5 8. Bd3 Ba6 9. Qe2 d6 10. f4 Qd7 11. Nf3 Qa4 12. Nd2 e5 13. O-O O-O 14. fxe5 dxe5 15. Rb1 c5 16. Rxf6 gxf6 17. Qf3 Qc6 18. d5 Qd6 19. Nf1 Kh8 20. Ne3 Bc8 21. Bd2 Rg8 22. Be1 Rg6 23. Bh4 Rh6 24. Qf2 Bd7 25. Rf1 Kg7 26. Be2 Rg6 27. h3 Bxh3 28. Bh5 Bd7 29. Bxg6 fxg6 30. Bxf6+ Kg8 31. Qh4 Rf8 32. Rf3 Rf7 33. Qg5 Qf8 34. Qxe5 Nb7 35. Qf4 Nd6 36. e5 Ne8 37. d6 Nxf6 38. exf6 Qe8 39. Nd5 Qe1+ 40. Kh2 Qd1 41. Ne7+ Kh8 42. Rh3 1-0

[Event "83rd Tata Steel Masters 2021"]
[Site "Wijk aan Zee"]
[Date "2021.01.29"]
[Round "11.2"]
[White "Donchenko, Alexander"]
[Black "Duda, Jan-Krzysztof"]
[Result "1/2-1/2"]
[WhiteElo "2668"]
[BlackElo "2743"]
[Annotator "TA"]
[PlyCount "67"]
[EventDate "2021.01.16"]
[EventType "tourn"]
[EventCountry "NED"]
[SourceTitle "playchess.com"]
[Source "ChessBase"]
[SourceQuality "1"]

1. d4 Nf6 2. c4 e6 3. Nc3 d5 4. cxd5 Nxd5 5. e4 Nxc3 6. bxc3 c5 7. Rb1 cxd4 8. cxd4 Nc6 9. Bb5 a6 10. Bxc6+ bxc6 11. Nf3 c5 12. O-O Be7 13. Qc2 cxd4 14. Rd1 O-O 15. Rxd4 Qe8 16. e5 f5 17. Bg5 Rf7 18. Rb6 h6 19. Bxe7 Rxe7 20. Rdb4 Qf7 21. Qb1 Raa7 22. Nd4 Rac7 23. h3 Rc5 24. Qb3 Rec7 25. Rxe6 Kh7 26. Rb8 Rc3 27. Qb6 Bxe6 28. Nxe6 R3c6 29. Qxc6 Rxc6 30. Nf8+ Kh8 31. Ng6+ Kh7 32. Nf8+ Kh8 33. Ng6+ Kh7 34. Nf8+ 1/2-1/2

[Event "85th Tata Steel Challengers 2023"]
[Site "Wijk aan Zee"]
[Date "2023.01.27"]
[Round "11.2"]
[White "Pechac, Jergus"]
[Black "Yilmaz, Mustafa"]
[Result "1/2-1/2"]
[WhiteElo "2637"]
[BlackElo "2609"]
[Annotator "TA"]
[PlyCount "62"]
[EventDate "2023.01.10"]
[EventType "tourn"]
[EventCountry "NED"]
[SourceTitle "playchess.com"]
[Source "ChessBase"]
[SourceQuality "1"]

1. e4 c5 2. c3 Nf6 3. e5 Nd5 4. Nf3 d6 5. Bb5+ Bd7 6. Bc4 e6 7. d4 cxd4 8. Bxd5 exd5 9. O-O dxe5 10. Nxe5 Be7 11. Nxd7 Qxd7 12. Qxd4 O-O 13. Rd1 Rd8 14. Be3 Qb5 15. c4 Qxc4 16. Qxc4 dxc4 17. Rxd8+ Bxd8 18. Na3 c3 19. Rc1 Bf6 20. Nb5 Nc6 21. Nxc3 Rd8 22. Kf1 Bd4 23. Bxd4 Rxd4 24. Rd1 Rxd1+ 25. Nxd1 Kf8 26. Ke2 Ke7 27. Nc3 h6 28. h3 Kd6 29. Kd3 Ne5+ 30. Kd4 Nc6+ 31. Kd3 Ne5+ 1/2-1/2

[Event "84th Tata Steel Challengers 2022"]
[Site "Wijk aan Zee"]
[Date "2022.01.28"]
[Round "11.2"]
[White "Bjerre, Jonas Buhl"]
[Black "Murzin, Volodar"]
[Result "1-0"]
[WhiteElo "2586"]
[BlackElo "2519"]
[Annotator "TA"]
[PlyCount "95"]
[EventDate "2022.01.15"]
[EventType "tourn"]
[EventCountry "NED"]
[SourceTitle "playchess.com"]
[Source "ChessBase"]
[SourceQuality "1"]

1. d4 d5 2. c4 c6 3. Nf3 Nf6 4. e3 Bf5 5. Nc3 e6 6. Nh4 Bg6 7. Be2 Nbd7 8. O-O Bd6 9. g3 Qe7 10. c5 Bc7 11. b4 a6 12. a4 O-O 13. Nxg6 hxg6 14. f4 Rfb8 15. Ba3 Qd8 16. Qc2 b6 17. cxb6 Nxb6 18. a5 Nc4 19. Bxc4 dxc4 20. Nd1 Bd6 21. Qxc4 Qf8 22. Rb1 c5 23. dxc5 Bxc5 24. Rb3 Ba7 25. Nf2 Qe8 26. Rfb1 Nd5 27. Bc1 Rb5 28. Bd2 Rc8 29. Qe2 e5 30. Qf3 exf4 31. gxf4 Rc2 32. Rd3 Qe6 33. Rd1 Kh7 34. Kh1 Nf6 35. Bc3 Rh5 36. Bxf6 gxf6 37. Rd6 Qa2 38. Rf1 Kg7 39. Rd7 Bxe3 40. Qxe3 Qc4 41. Rfd1 Rh4 42. Kg1 Re2 43. R7d4 Qb5 44. Qd3 Qe8 45. Re4 Rxe4 46. Qxe4 Qb8 47. Rd4 Qc7 48. Kg2 1-0

[Event "82nd Tata Steel Challengers 2020"]
[Site "Wijk aan Zee"]
[Date "2020.01.24"]
[Round "11.2"]
[White "Van Foreest, Lucas"]
[Black "Abdusattorov, Nodirbek"]
[Result "0-1"]
[WhiteElo "2523"]
[BlackElo "2635"]
[Annotator "TA"]
[PlyCount "40"]
[EventDate "2020.01.11"]
[EventType "tourn"]
[EventCountry "NED"]
[SourceTitle "playchess.com"]
[Source "ChessBase"]
[SourceQuality "1"]

1. e4 c5 2. Nf3 d6 3. d4 cxd4 4. Nxd4 Nf6 5. Nc3 a6 6. Bd2 e5 7. Nf5 d5 8. Qf3 d4 9. Nd5 Nxd5 10. exd5 Qf6 11. Bd3 Nd7 12. O-O Nc5 13. Nxd4 exd4 14. Rfe1+ Kd7 15. Bf5+ Kc7 16. Ba5+ b6 17. d6+ Bxd6 18. Qxa8 Qxf5 19. Qa7+ Bb7 20. Qxb6+ Kd7 0-1

[Event "84th Tata Steel Masters 2022"]
[Site "Wijk aan Zee"]
[Date "2022.01.28"]
[Round "11.3"]
[White "Mamedyarov, Shakhriyar"]
[Black "Karjakin, Sergey"]
[Result "1/2-1/2"]
[WhiteElo "2767"]
[BlackElo "2743"]
[Annotator "TA"]
[PlyCount "46"]
[EventDate "2022.01.15"]
[EventType "tourn"]
[EventCountry "NED"]
[SourceTitle "playchess.com"]
[Source "ChessBase"]
[SourceQuality "1"]

1. e4 e5 2. Nf3 Nc6 3. Bc4 Bc5 4. c3 Nf6 5. d4 exd4 6. e5 d5 7. Bb5 Ne4 8. cxd4 Bb6 9. Nc3 Bg4 10. h3 Bh5 11. Be3 O-O 12. g4 Bg6 13. O-O f5 14. exf6 Qxf6 15. Bxc6 bxc6 16. Ne5 Qh4 17. Nxe4 Bxe4 18. Kh2 c5 19. dxc5 Qe7 20. Nc6 Qd7 21. Ne5 Qe7 22. Nc6 Qd7 23. Ne5 Qe7 1/2-1/2

[Event "85th Tata Steel Masters 2023"]
[Site "Wijk aan Zee"]
[Date "2023.01.27"]
[Round "11.3"]
[White "Aronian, Levon"]
[Black "Caruana, Fabiano"]
[Result "1/2-1/2"]
[WhiteElo "2735"]
[BlackElo "2766"]
[Annotator "TA"]
[PlyCount "77"]
[EventDate "2023.01.10"]
[EventType "tourn"]
[EventCountry "NED"]
[SourceTitle "playchess.com"]
[Source "ChessBase"]
[SourceQuality "1"]

1. c4 c5 2. Nf3 Nf6 3. Nc3 e6 4. g3 d5 5. cxd5 exd5 6. d4 Nc6 7. Bg2 cxd4 8. Nxd4 Bc5 9. Nb3 Bb6 10. O-O d4 11. Na4 O-O 12. Bg5 h6 13. Bxf6 Qxf6 14. Nxb6 axb6 15. Bxc6 bxc6 16. Qxd4 Rd8 17. Qxf6 gxf6 18. Rfc1 Be6 19. Kf1 Ra4 20. Ke1 Rda8 21. Rc3 Rxa2 22. Rxa2 Rxa2 23. Nc1 Rxb2 24. Rxc6 Kg7 25. Nd3 Rb1+ 26. Kd2 f5 27. Nf4 Kf6 28. h4 Ke7 29. Rc7+ Kf6 30. h5 Ba2 31. Kc2 Rf1 32. Rc6+ Be6 33. Nd3 Kg7 34. Rxb6 Bc4 35. f3 Bxd3+ 36. Kxd3 Rg1 37. Rb5 Kf6 38. Rb6+ Kg7 39. Rb5 1/2-1/2

[Event "85th Tata Steel Challengers 2023"]
[Site "Wijk aan Zee"]
[Date "2023.01.27"]
[Round "11.3"]
[White "Sindarov, Javokhir"]
[Black "Warmerdam, Max"]
[Result "1/2-1/2"]
[WhiteElo "2654"]
[BlackElo "2616"]
[Annotator "TA"]
[PlyCount "80"]
[EventDate "2023.01.10"]
[EventType "tourn"]
[EventCountry "NED"]
[SourceTitle "playchess.com"]
[Source "ChessBase"]
[SourceQuality "1"]

1. e4 c5 2. Nf3 d6 3. d4 cxd4 4. Nxd4 Nf6 5. Bd3 Nc6 6. Ne2 e6 7. O-O Be7 8. c4 d5 9. cxd5 exd5 10. exd5 Nxd5 11. Nbc3 Nxc3 12. Nxc3 Be6 13. Qc2 Qa5 14. Be4 Rd8 15. Be3 h6 16. Bxc6+ bxc6 17. Qa4 Qxa4 18. Nxa4 O-O 19. b3 Rd7 20. Bc5 Bxc5 21. Nxc5 Rd2 22. Ne4 Rd4 23. f3 Rfd8 24. Rae1 Bf5 25. Nc3 Bd3 26. Rf2 c5 27. Rc1 a5 28. Rb2 c4 29. b4 axb4 30. Rxb4 Bf5 31. a4 Ra8 32. Ra1 Rd2 33. a5 Rc2 34. Nd5 Be6 35. Nf4 c3 36. Nxe6 fxe6 37. Rc4 Rd8 38. a6 Rdd2 39. a7 Rxg2+ 40. Kf1 Rgf2+ 1/2-1/2

[Event "83rd Tata Steel Masters 2021"]
[Site "Wijk aan Zee"]
[Date "2021.01.29"]
[Round "11.3"]
[White "Tari, Aryan"]
[Black "Esipenko, Andrey"]
[Result "1-0"]
[WhiteElo "2625"]
[BlackElo "2677"]
[Annotator "TA"]
[PlyCount "65"]
[EventDate "2021.01.16"]
[EventType "tourn"]
[EventCountry "NED"]
[SourceTitle "playchess.com"]
[Source "ChessBase"]
[SourceQuality "1"]

1. e4 e5 2. Nf3 Nc6 3. Bb5 a6 4. Ba4 d6 5. O-O Nf6 6. Re1 Bd7 7. c3 g6 8. d4 Bg7 9. Nbd2 O-O 10. Bc2 Nh5 11. dxe5 dxe5 12. Nf1 Nf4 13. Ne3 Kh8 14. Nd5 Ne6 15. h4 h5 16. Be3 f6 17. b4 Ne7 18. Qe2 Nc8 19. c4 Qe8 20. c5 a5 21. a3 Na7 22. Bb3 Nb5 23. Bc4 axb4 24. axb4 Rxa1 25. Rxa1 f5 26. exf5 gxf5 27. Ng5 Nxg5 28. hxg5 f4 29. Ra8 Qg6 30. Rxf8+ Bxf8 31. Bd2 Na3 32. Bd3 Qxg5 33. Qe4 1-0

[Event "82nd Tata Steel Challengers 2020"]
[Site "Wijk aan Zee"]
[Date "2020.01.24"]
[Round "11.3"]
[White "Nihal Sarin"]
[Black "L'Ami, Erwin"]
[Result "1/2-1/2"]
[WhiteElo "2618"]
[BlackElo "2606"]
[Annotator "TA"]
[PlyCount "96"]
[EventDate "2020.01.11"]
[EventType "tourn"]
[EventCountry "NED"]
[SourceTitle "playchess.com"]
[Source "ChessBase"]
[SourceQuality "1"]

1. e4 e5 2. Nf3 Nc6 3. Bb5 a6 4. Ba4 Nf6 5. O-O Be7 6. d3 d6 7. c3 O-O 8. Nbd2 Nd7 9. Re1 Nb6 10. Bb3 Kh8 11. h3 f5 12. exf5 Bxf5 13. Ne4 Qd7 14. Be3 Rae8 15. Ng3 Bg6 16. Bxb6 cxb6 17. d4 Bf6 18. dxe5 Nxe5 19. Nxe5 Bxe5 20. Qd2 b5 21. Rad1 Qc7 22. Nf1 Qc5 23. Re3 Bf4 24. Rxe8 Bxe8 25. Qd5 Bc6 26. Qxc5 dxc5 27. Ne3 c4 28. Bc2 g6 29. a3 Kg7 30. Rd4 Bb8 31. Rd2 Ba7 32. Ng4 Re8 33. Kf1 h5 34. Nh2 Bb8 35. Nf3 Bf4 36. Rd1 Bxf3 37. gxf3 Kf6 38. Be4 Re7 39. Ke2 Kg5 40. Kf1 b6 41. Rd5+ Kf6 42. Rd1 h4 43. Bc6 g5 44. Bd7 Ke5 45. Bc8 Ra7 46. Ke2 a5 47. Bd7 b4 48. Bb5 bxc3 1/2-1/2

[Event "84th Tata Steel Challengers 2022"]
[Site "Wijk aan Zee"]
[Date "2022.01.28"]
[Round "11.3"]
[White "Nguyen, Thai Dai Van"]
[Black "Vogel, Roven"]
[Result "1-0"]
[WhiteElo "2609"]
[BlackElo "2452"]
[Annotator "TA"]
[PlyCount "169"]
[EventDate "2022.01.15"]
[EventType "tourn"]
[EventCountry "NED"]
[SourceTitle "playchess.com"]
[Source "ChessBase"]
[SourceQuality "1"]

1. Nf3 d5 2. d4 Nf6 3. c4 c6 4. Nc3 dxc4 5. a4 Bf5 6. Ne5 Nbd7 7. Nxc4 Nb6 8. e3 Nxc4 9. Bxc4 e6 10. O-O Be7 11. a5 b5 12. axb6 axb6 13. Rxa8 Qxa8 14. f3 O-O 15. e4 Bg6 16. Be3 Qa5 17. Qa1 Qb4 18. Qa2 b5 19. Be2 Bd8 20. Rd1 Bb6 21. Bf2 Nd7 22. Qa3 Qxa3 23. bxa3 Rc8 24. Rc1 Ra8 25. Nb1 f5 26. d5 Bxf2+ 27. Kxf2 exd5 28. exd5 cxd5 29. Bxb5 Ne5 30. Re1 Nc4 31. a4 Nb6 32. Nc3 d4 33. Ne2 Nxa4 34. Nxd4 Nc3 35. Bc4+ Bf7 36. Bxf7+ Kxf7 37. Nxf5 Ra2+ 38. Kf1 Kf6 39. Ne3 Nb5 40. Nd5+ Kg6 41. Re6+ Kf5 42. Re7 Ra7 43. Re4 Rd7 44. g4+ Kg6 45. Re5 Nd4 46. Kf2 Kf7 47. Nf4 Re7 48. Rh5 Kg8 49. Rd5 Nc6 50. h4 Ra7 51. Kg3 Ne7 52. Rd6 Kf7 53. Ne6 h6 54. Nf4 Rb7 55. h5 Ng8 56. Ne6 Re7 57. Nd8+ Ke8 58. Nc6 Rd7 59. Re6+ Kf7 60. Re3 Rd6 61. Ne5+ Kf8 62. Ra3 Nf6 63. Kf4 Rd8 64. Kf5 Kg8 65. Nc6 Re8 66. Nd4 Nh7 67. Ra7 Ng5 68. f4 Rf8+ 69. Ke5 Nf7+ 70. Kd5 Rd8+ 71. Ke4 Nd6+ 72. Kf3 Nf7 73. Nc6 Re8 74. Ne7+ Kf8 75. Nf5 Rb8 76. Kg3 Rb3+ 77. Kf2 Rb8 78. Kg2 Rb2+ 79. Kh3 Rb3+ 80. Kh4 Rb8 81. Rc7 Ra8 82. Rb7 Rd8 83. Ra7 Rb8 84. Ra6 Rc8 85. Rg6 1-0

[Event "85th Tata Steel Masters 2023"]
[Site "Wijk aan Zee"]
[Date "2023.01.27"]
[Round "11.4"]
[White "Praggnanandhaa R"]
[Black "Maghsoodloo, Parham"]
[Result "0-1"]
[WhiteElo "2684"]
[BlackElo "2719"]
[Annotator "TA"]
[PlyCount "104"]
[EventDate "2023.01.10"]
[EventType "tourn"]
[EventCountry "NED"]
[SourceTitle "playchess.com"]
[Source "ChessBase"]
[SourceQuality "1"]

1. e4 c5 2. Nf3 d6 3. d4 cxd4 4. Nxd4 Nf6 5. Nc3 a6 6. h3 e5 7. Nf3 Qc7 8. Nh2 Nbd7 9. Ng4 b5 10. Ne3 Nb6 11. a3 Be7 12. Bd3 Be6 13. Qf3 g6 14. O-O Nfd7 15. Bd2 Nc5 16. Be2 O-O 17. Nf5 Bxf5 18. exf5 d5 19. Bh6 Rfd8 20. Rad1 e4 21. Qg4 Nca4 22. Nxa4 Nxa4 23. fxg6 hxg6 24. f4 Qb6+ 25. Kh1 f5 26. Qg3 Nxb2 27. Rb1 Nc4 28. a4 Kh7 29. Bxc4 Kxh6 30. Bb3 Rac8 31. axb5 axb5 32. Rfd1 d4 33. Qf2 Rc3 34. Ra1 Qf6 35. Ra7 Qh4 36. Qf1 d3 37. g3 dxc2 38. Rxd8 Bxd8 39. gxh4 c1=Q 40. Qxc1 Rxc1+ 41. Kg2 Bxh4 42. Ra6 Rc3 43. Be6 Rc2+ 44. Kh1 Bf6 45. Bd7 Kg7 46. Bxb5 Rf2 47. Ra7+ Kh6 48. Ra6 Bd4 49. Be8 e3 50. Rxg6+ Kh7 51. Rg1 e2 52. Bb5 Rh2+ 0-1

[Event "84th Tata Steel Masters 2022"]
[Site "Wijk aan Zee"]
[Date "2022.01.28"]
[Round "11.4"]
[White "Grandelius, Nils"]
[Black "Esipenko, Andrey"]
[Result "1/2-1/2"]
[WhiteElo "2672"]
[BlackElo "2714"]
[Annotator "TA"]
[PlyCount "74"]
[EventDate "2022.01.15"]
[EventType "tourn"]
[EventCountry "NED"]
[SourceTitle "playchess.com"]
[Source "ChessBase"]
[SourceQuality "1"]

1. e4 e5 2. Nf3 Nc6 3. Bb5 a6 4. Ba4 Nf6 5. O-O Be7 6. d3 b5 7. Bb3 d6 8. c3 O-O 9. h3 Na5 10. Bc2 c5 11. d4 Qc7 12. d5 Nc4 13. b3 Nb6 14. Be3 Bd7 15. Qe2 Nxe4 16. Bxe4 f5 17. c4 fxe4 18. Nfd2 bxc4 19. bxc4 Na4 20. Nxe4 Rab8 21. Nbd2 Bf5 22. f4 exf4 23. Rxf4 Qd7 24. Raf1 Rbe8 25. Qf3 Bg6 26. Qg3 Nb2 27. Ng5 Rxf4 28. Bxf4 Bxg5 29. Bxg5 Nd3 30. Rf3 Ne5 31. Ra3 Qb7 32. Rb3 Qc7 33. Bf4 Qa5 34. Qc3 Qd8 35. Qg3 Qa5 36. Qc3 Qd8 37. Qg3 Qa5 1/2-1/2

[Event "82nd Tata Steel Challengers 2020"]
[Site "Wijk aan Zee"]
[Date "2020.01.24"]
[Round "11.4"]
[White "Eljanov, Pavel"]
[Black "Smeets, Jan"]
[Result "1/2-1/2"]
[WhiteElo "2650"]
[BlackElo "2585"]
[Annotator "TA"]
[PlyCount "158"]
[EventDate "2020.01.11"]
[EventType "tourn"]
[EventCountry "NED"]
[SourceTitle "playchess.com"]
[Source "ChessBase"]
[SourceQuality "1"]

1. Nf3 d5 2. g3 g6 3. Bg2 Bg7 4. d4 Nf6 5. O-O O-O 6. c4 c6 7. Qb3 a5 8. Rd1 a4 9. Qb4 Qa5 10. Qxa5 Rxa5 11. Na3 Be6 12. Bd2 Ra6 13. Bb4 dxc4 14. Bxe7 Re8 15. Bb4 Rb6 16. Bc3 Ne4 17. Nd2 Nxc3 18. bxc3 Rb2 19. Ndxc4 Rxe2 20. Bf3 Bxc4 21. Nxc4 R2e7 22. Rab1 b5 23. Ne3 Rc7 24. c4 bxc4 25. Nxc4 Nd7 26. Rbc1 Bf8 27. Kg2 Rec8 28. Rc2 Kg7 29. Re1 h5 30. Rec1 Be7 31. Ne3 Ba3 32. Rb1 Nf8 33. Rc4 Be7 34. Rxa4 Rd7 35. Rc4 Rcd8 36. Nc2 Ne6 37. Bxc6 Ra7 38. a4 Bf6 39. d5 Nc7 40. Ne3 Ne8 41. Rcb4 Nd6 42. Nc4 Nxc4 43. Rxc4 Be7 44. Rc3 Rc8 45. Rcb3 Rcc7 46. f4 Bd6 47. Kf3 Re7 48. Rb7 Rexb7 49. Rxb7 Rxb7 50. Bxb7 Bc7 51. Ba6 Kf6 52. Bd3 Ke7 53. Ke4 f5+ 54. Kf3 Kd6 55. Bb5 Ke7 56. h4 Kd8 57. Ke2 Ke7 58. Bc6 Kd8 59. Kd2 Ke7 60. Ke3 Bb6+ 61. Ke2 Bc7 62. Bb7 Kd8 63. Ba6 Kd7 64. Bb5+ Ke7 65. Bc6 Kd8 66. Kd3 Ke7 67. Bb7 Kd7 68. Kd4 Kd6 69. Bc6 Bb6+ 70. Kc4 Bf2 71. a5 Kc7 72. Kb5 Bxg3 73. a6 Kb8 74. d6 Bxf4 75. Kc5 Bg3 76. Be8 Ka7 77. d7 Bxh4 78. Kb5 Bd8 79. Bxg6 h4 1/2-1/2

[Event "85th Tata Steel Challengers 2023"]
[Site "Wijk aan Zee"]
[Date "2023.01.27"]
[Round "11.4"]
[White "Beerdsen, Thomas"]
[Black "Ivic, Velimir"]
[Result "1-0"]
[WhiteElo "2515"]
[BlackElo "2585"]
[Annotator "TA"]
[PlyCount "109"]
[EventDate "2023.01.10"]
[EventType "tourn"]
[EventCountry "NED"]
[SourceTitle "playchess.com"]
[Source "ChessBase"]
[SourceQuality "1"]

1. e4 c5 2. Nf3 Nc6 3. Bb5 g6 4. O-O Bg7 5. c3 Nf6 6. Re1 O-O 7. d4 a6 8. Bxc6 dxc6 9. h3 cxd4 10. cxd4 c5 11. d5 b5 12. Nc3 Bb7 13. Bf4 Re8 14. Be5 Bh6 15. Qc2 Nd7 16. Bg3 c4 17. Rad1 Nc5 18. Ne5 Rc8 19. Ne2 f6 20. Ng4 Bg7 21. Nf4 Qb6 22. h4 a5 23. h5 g5 24. Ne2 e5 25. h6 Bf8 26. Nc3 Red8 27. Re3 Be7 28. Rf3 Nd3 29. a4 bxa4 30. Nxa4 Qa6 31. b3 Nf4 32. Ne3 cxb3 33. Qxb3 Bb4 34. Nb2 Rc3 35. Qa2 Kf8 36. Nbc4 Rc8 37. d6 Re8 38. d7 Rd8 39. Bxf4 gxf4 40. Nd6 Rxd7 41. Nef5 Qc4 42. Nxc4 Rxd1+ 43. Kh2 Rcc1 44. Kh3 Bxe4 45. Kg4 Bd5 46. Qa4 Rg1 47. Qd7 Rxg2+ 48. Rg3 Rxg3+ 49. Nxg3 Bxc4 50. Ne4 Be7 51. Nd6 Be2+ 52. f3 Rg1+ 53. Kf5 Bxd6 54. Qxd6+ Ke8 55. Qb8+ 1-0

[Event "84th Tata Steel Challengers 2022"]
[Site "Wijk aan Zee"]
[Date "2022.01.28"]
[Round "11.4"]
[White "Zhu, Jiner"]
[Black "Jumabayev, Rinat"]
[Result "1/2-1/2"]
[WhiteElo "2478"]
[BlackElo "2631"]
[Annotator "TA"]
[PlyCount "115"]
[EventDate "2022.01.15"]
[EventType "tourn"]
[EventCountry "NED"]
[SourceTitle "playchess.com"]
[Source "ChessBase"]
[SourceQuality "1"]

1. e4 c5 2. Nf3 d6 3. d4 cxd4 4. Nxd4 Nf6 5. Nc3 a6 6. Be3 e5 7. Nb3 Be6 8. f3 h5 9. Nd5 Bxd5 10. exd5 g6 11. Qd2 Bg7 12. O-O-O Nbd7 13. Be2 Rc8 14. Kb1 Nb6 15. Na5 Nbxd5 16. Nxb7 Qc7 17. Bc4 Qxb7 18. Bxd5 Nxd5 19. Qxd5 Rc6 20. Rd3 Qc7 21. Bd2 O-O 22. Bb4 e4 23. fxe4 Rxc2 24. Bc3 Rxc3 25. bxc3 Rb8+ 26. Kc2 Rb5 27. Qa8+ Kh7 28. Rb1 Ra5 29. Rb2 Ra3 30. e5 Bxe5 31. Qf3 Qc4 32. Kb1 Kg7 33. Qd5 Qxd5 34. Rxd5 Bxh2 35. Rb3 Rxb3+ 36. axb3 Kf6 37. Kc2 h4 38. Kd3 g5 39. Ra5 g4 40. Rxa6 Ke5 41. b4 Bg1 42. Ke2 h3 43. gxh3 gxh3 44. Kf3 h2 45. Kg2 f5 46. b5 f4 47. c4 f3+ 48. Kh1 Ke6 49. b6 f2 50. Ra1 Kd7 51. Rb1 Kc8 52. b7+ Kb8 53. Kg2 f1=Q+ 54. Rxf1 Kxb7 55. Rf5 Kc6 56. Rh5 Bd4 57. Kxh2 Be5+ 58. Kg2 1/2-1/2